| 000 | 01167nam a2200277 i 4500 | ||
|---|---|---|---|
| 001 | 190781 | ||
| 003 | ES-MaACL | ||
| 005 | 20240203115537.0 | ||
| 008 | 220706s2021 sp a 001 0 spa | ||
| 020 | _a978-84-9168-106-9 | ||
| 080 | _a94(460) "1931/39" (093) | ||
| 245 | 0 | 3 |
_aLa Segunda República española : _btextos fundamentales : selección de leyes, discursos y proclamas / _cNorbert Bilbeny (ed.) ; estudio histórico introductorio de Paola Lo Cascio ; investigación documental de Noli Cabezas Ramírez. |
| 260 |
_aBarcelona : _bUniversitat de Barcelona Edicions, _c[2021] |
||
| 300 |
_a454 p. : _bil. col. ; _c24 cm. |
||
| 490 | 1 | _aBiblioteca universitaria | |
| 504 | _aReferencias bibliográficas. | ||
| 651 | 4 |
_aEspaña- _xHistoria- _y1931-1939, II República- _vFuentes. _98289 |
|
| 700 | 1 |
_aBilbeny, Norbert. _9174790 |
|
| 700 | 1 |
_aLo Cascio, Paola. _9174791 |
|
| 700 | 1 |
_aCabezas, Ramírez, Noli. _9174793 |
|
| 710 | 2 |
_aUniversidad de Barcelona. _97141 |
|
| 830 | 1 |
_aBiblioteca universitaria _9177461 |
|
| 852 | 4 |
_aES-MaACL _jA-15003 _9 197963 _bR.153182 _cDEPO1 _dOlim: N-8003 _hDonación: Editorial |
|
| 942 | _2udc | ||
| 999 |
_c190781 _d190781 |
||